000 00522nam a2200181 a 4500
001 000010221
003 AM-YEHGA
005 20250617120439.0
008 030214s1890 ru r 000 0 arm d
040 _aAM-YeHGA
041 0 _aarm
245 0 0 _aՇամիլի դատաստանը.
260 _aՍ. Պետերբուրգ :
_bտպ. Ի.Ն. Սկորոխոդով,
_c1890.
300 _a18 էջ ;
_c15 սմ.
650 1 4 _aՀամաշխարհային գրականություն
_xՊատմվածք
942 _cBK
090 _c2480
999 _c2458
_d2458